| 000 | 00902nmc a2200301 a 4500 | ||
|---|---|---|---|
| 003 | AR-BaBNM | ||
| 005 | 20251128205643.0 | ||
| 008 | 118019s1995 ||||||||||||||000 | spa|| | ||
| 020 | _a84-7100-627-8 | ||
| 040 | _cAR-BaBNM | ||
| 100 | 1 | _aBatllori, Miguel | |
| 245 | 1 | 0 |
_aEl abate Viscardo _bhistoria y mito de la intervención de los jesuítas en la independencia de Hispanoamérica |
| 260 |
_aMadrid _bMapfre _c1995 |
||
| 300 | 0 | _a393 p. | |
| 490 | 0 |
_aRelaciones entre España y América _vv. 24 |
|
| 500 | 0 | _aApéndices p. 375-393 | |
| 500 | 0 | _aContiene documentos para consultar p. 319-371 | |
| 610 | 2 | 4 | _aCOMPANIA DE JESUS |
| 650 | 4 | _aHISTORIA SOCIAL | |
| 650 | 4 | _aHISTORIA CULTURAL | |
| 650 | 4 | _aHISTORIA POLITICA | |
| 651 | 4 | _aEspaña | |
| 651 | 4 | _aAmérica Latina | |
| 653 | 0 | _aJESUITAS | |
| 800 | 1 |
_aGallego, José Andrés _ecoordinador |
|
| 942 | _cBK | ||
| 998 | _cMariana | ||
| 999 |
_c12254 _d12254 |
||